Grundy County, Iowa - Statistics

General Stats
  • This quiz has been taken 9 times
  • The average score is 4 of 9
Answer Stats
Cities % Correct
1 Grundy Center
100%
8 Beaman
50%
4 Conrad
50%
3 Dike
50%
2 Reinbeck
50%
5 Wellsburg
50%
6 Holland
0%
9 Morrison
0%
7 Stout
0%
No matching quizzes found
Score Distribution
Percent of People with Each Score
Percentile by Number Answered
Your Score History
You have not taken this quiz